Anything but the UK Quiz Stats

 Plays Quiz Updated Mar 14, 2017

Support Sporcle.
Go Orange.
Score 0/39 Timer 06:00
13 Plays Today
Question Country % Correct
Have a Union Jack in their flagAustralia
94.4%
Have a Union Jack in their flagNew Zealand
90.2%
Start with 'U'United States
88.7%
Border the North SeaFrance
83.9%
Lie on the Prime MeridianFrance
83.7%
Border the North SeaNorway
83%
Start with 'U'Uganda
82.3%
Border the North SeaDenmark
82.1%
Start with 'U'Uruguay
80.9%
Border the North SeaGermany
78.2%
Border the North SeaNetherlands
78%
Start with 'U'Uzbekistan
77.2%
Are island countries* with a population of 15 million +Japan
76.4%
Border the North SeaBelgium
75.9%
Have a capital beginning with 'L'Portugal (Lisbon)
75.6%
Start with 'U'United Arab Emirates
74.2%
Lie on the Prime MeridianSpain
73.5%
Are island countries* with a population of 15 million +Indonesia
70.5%
Start with 'U'Ukraine
63%
Are island countries* with a population of 15 million +Madagascar
61.4%
Question Country % Correct
Are island countries* with a population of 15 million +Philippines
60.4%
Lie on the Prime MeridianAlgeria
58.4%
Have a Union Jack in their flagFiji
56.1%
Have a capital beginning with 'L'Peru (Lima)
54.3%
Are island countries* with a population of 15 million +Sri Lanka
52.8%
Lie on the Prime MeridianMali
49.4%
Are island countries* with a population of 15 million +Taiwan
47.7%
Have a capital beginning with 'L'Luxembourg (Luxembourg)
45.8%
Lie on the Prime MeridianGhana
44.4%
Lie on the Prime MeridianTogo
42.8%
Have a capital beginning with 'L'Togo (Lomé)
42.8%
Lie on the Prime MeridianBurkina Faso
37.2%
Have a capital beginning with 'L'Angola (Luanda)
36.9%
Have a Union Jack in their flagTuvalu
35%
Have a capital beginning with 'L'Slovenia (Ljubljana)
27%
Have a capital beginning with 'L'Zambia (Lusaka)
26.9%
Have a capital beginning with 'L'Malawi (Lilongwe)
24.1%
Have a capital beginning with 'L'Gabon (Libreville)
22.5%
Have a capital beginning with 'L'Bolivia (La Paz)
20.9%

From the Vault

Continuous Capital Chain

by petenge

We're more partial to the lowercase rope, though.
Remove Ads.
Support Sporcle.
Get the best of Sporcle when you Go Orange. This ad-free experience offers more features, more stats, and more fun while also helping to support Sporcle. Thank you for becoming a member.

Show Comments

Extras

Top Quizzes Today


Score Distribution

Your Account Isn't Verified!

In order to create a playlist on Sporcle, you need to verify the email address you used during registration. Go to your Sporcle Settings to finish the process.

Report this User

Report this user for behavior that violates our Community Guidelines.

Details: